000
00228nam a22000857a 4500
999
_c
11681
_d
11681
008
191129b ||||| |||| 00| 0 eng d
100
_a
Awdry,W,Rev.
_9
7380
245
_a
Thomas and the School Trip
260
_a
USA
_b
Beginner Books
_c
1993